| 000 | 00545nam a2200217Ia 4500 | ||
|---|---|---|---|
| 005 | 20250425162733.0 | ||
| 008 | 250425s9999 xx 000 0 und d | ||
| 020 | _a9780750689847 | ||
| 041 | _aeng | ||
| 082 | _a623.86 | ||
| 100 | _aWoodyard, Doug | ||
| 245 | 0 | _aPounder's Marine Diesel Engines And Gas Turbines | |
| 250 | _aNINTH EDITION | ||
| 260 |
_aEstados Unidos _bBUTTERWORTH-HEINEMANN _c2009 |
||
| 260 | _aOXFORD | ||
| 300 | _a896 | ||
| 650 | _aMOTORES DIESEL | ||
| 650 | _aTURBINAS A GAS | ||
| 942 | _c01 | ||
| 010 | _a104369 | ||
| 999 |
_c235418 _d235418 |
||